| 000 | 00695cam a22002537a 4500 | ||
|---|---|---|---|
| 001 | 002061 | ||
| 003 | armpunfd | ||
| 005 | 20140612090657.0 | ||
| 008 | 061107e2006#xx#a##########000#0##nd#d | ||
| 020 | _a9875921270 | ||
| 040 |
_aarmpunfd _carmpunfd |
||
| 080 | _a347.961 G 165 | ||
| 100 | 1 | 0 | _a Garcia Coni, Raul R. |
| 245 | 1 | 0 | _aDerecho registral aplicado |
| 260 |
_a Buenos Aires : _b Lexisnexis, _c2006. |
||
| 300 | _a248 p. | ||
| 650 | 7 |
_a Contencioso Registral _2LEMB |
|
| 650 | 7 |
_a Derecho Registral Inmobiliario _2LEMB |
|
| 650 | 7 |
_a Derecho Registral _2LEMB |
|
| 700 | 1 | 0 | _aFrontini, Angel A. |
| 942 |
_c _2cdu |
||
| 945 |
_aCatalis _d2010-08-19 |
||
| 945 |
_asa _d2013-05-13 |
||
| 999 |
_c2052 _d232556 |
||